000 00845nam a2200241Ia 4500
003 OSt
005 20220926012146.0
006 a|||||r|||| 00| 0
007 ta
008 220923b |||||||| |||| 00| 0 eng d
020 _a9781782384458
_c5111.2200000000003
037 _b45103, 12/10/2015, Segment Book Distributors
_cGeneral Book
040 _aRTL
_cRTL
_beng
041 _2eng
_aeng
082 _aY9 (W94), Q5
100 _aSCHILLER Nina Glick
_9315657
245 0 _aWhose cosmopolitanism?
_b Critical perspectives, relationalities and discontents.
260 _aNew York
_bBerghahn
_c2015
300 _aviii, 253p.
_ccm.
700 _a IRVING Andrew
_9315658
942 _hY9 (W94), Q5
_cGB
_2CC
999 _c621928
_d621928